000 00386nam a2200133Ia 4500
008 100328s9999 xx 000 0 und d
082 _b25301
100 _aमित्र नरेंद्र नाथ
245 _aमहानगर
260 _bहिन्द पॉकेट बुक्स
630 _aमहानगर
730 _aमहानगर
942 _cBOOK
999 _c518233
_d518230